Débuts de chansons - Années 90 - Statistiques

Statistiques générales
  • Ce quiz a été pris 839 fois
  • Le résultat moyen est 11 sur 22
Statistiques - réponses
Paroles Chanson % Correct
On s'était dit rendez-vous dans 10 ans / Même jour, même heure, mêmes pommes Place des grands hommes / Patrick Bruel
94%
Le vent souffle sur les plaines de la Bretagne armoricaine / Je jette un dernier regard sur ma femme, mon fils et mon domaine La tribu de Dana / Manau
89%
J'ai compris tous les mots / J'ai bien compris merci Pour que tu m'aimes encore / Céline Dion
82%
À tous mes loupés, mes ratés, mes vrais soleils / Tous les chemins qui me sont passés à côté. À nos actes manqués / Fredericks Goldman Jones
77%
Toute la journée au téléphone / Ou à taper à la machine Le Jerk / Thierry Hazard
73%
Savoir sourire / À une inconnue qui passe / N'en garder aucune trace / Sinon celle du plaisir Savoir aimer / Florent Pagny
73%
Depuis le temps que je patiente dans cette chambre noire / J'entends qu'on s'amuse et qu'on chante La corrida / Francis Cabrel
66%
J'abandonne sur une chaise le journal du matin / Les nouvelles sont mauvaises d'où qu'elles viennent Déjeuner en paix / Stephan Eicher
58%
Jamais je n'aurais pensé / Tant besoin de lui / Je me sens si envoutée Sensualité / Axelle Red
58%
Tous les enfants de ma cité et même d'ailleurs / Et tout ce que la colère a fait de meilleur Tomber la chemise / Zebda
55%
Dans le mot je t'aime / Trop de M / Et jamais jamais un seul N Tandem / Vanessa Paradis
54%
Tu es tombée du ciel / Moi qui voyais le mal partout Tombé pour elle / Pascal Obispo
38%
Nager dans les eaux troubles / Des lendemains / Attendre ici la fin Désenchantée / Mylène Farmer
37%
Y'a tant de vagues et de fumée / Qu'on n'arrive plus à distinguer Le paradis blanc / Michel Berger
37%
Au début des années 80, je me souviens des soirées / Où l'ambiance était chaude et les mecs rentraient Je danse le MIA / IAM
36%
Un canard dans le café / J'ai du mal à digérer, parfois / Tous les papiers mâchés Zen / Zazie
36%
Entre toute autre chose / J'aurais dû m'arrêter faire une pause Sur la route / Gérald de Palmas
33%
J'ai pas toujours trouvé les mots / Pour bercer tes rêves d'enfant / Ensemble on est devenu grand Sang pour sang / Johnny Hallyday
32%
J'étais cool, assis sur un banc, c'était au printemps / Ils cueillent une marguerite, ce sont deux amants Caroline / MC Solaar
27%
J'ai tant caché mes différences / Sous des airs ou des faux semblants Aller plus haut / Tina Arena
24%
I was walking on the road the other day / I hear a little human say Mets de l'huile / Regg'lyss
8%
Laissez-les dans les cartons les plans d'la planète / Faites-les sans moi, n'oubliez pas les fleurs Passer ma route / Maxime Le Forestier
4%
Aucun quiz correspondant
Distribution des résultats
% des personnes avec chaque résultat
Percentile par nombre de réponses
Votre historique - résultats
Vous n’avez pas pris ce quiz